000 00881nam a2200253Ia 4500
003 OSt
005 20220923211057.0
006 a|||||r|||| 00| 0
007 ta
008 Pun
020 _a817770088X (hbk)
_c150
024 _a238,128
037 _b237, 17/12/2008, N. R. Book Distributors
_cTextual
040 _aARTS
_cARTS
_bPun
041 _2Pun
_aPun
082 _aO153:g, P3
100 _aਗੁਰਭਗਤ ਸਿੰਘ
_9157918
245 0 _aਵਿFਵ ਚਿੰਤਨ ਅਤੇ ਪੰਜਾਬੀ ਸਾਹਿੱਤ
260 _aਅੰਮ੍ਰਿਤਸਰ
_b ਗੁਰੂ ਨਾਨਕ ਦੇਵ ਯੂਨੀਵਰਸਿਟੀ
_c2003
300 _a150ਪੰ
_ccm.
650 _aਪੰਜਾਬੀ ਸਾਹਿਤ
942 _hO153:g, P3
_cTEXL
_2CC
999 _c294875
_d294875